000 00810nam a22002417a 4500
001 BR9300665
003 BR-BrBNA
005 20230928093828.0
007 ta
008 230509b bl.||||| |||| 00| 0 por d
040 _aBR-BrBNA
_bpor
_cBiblioteca Nacional de Agricultura
041 _a(Por)
072 _aP06
090 _ P06 BR9300665
110 1 _aInstituto Brasileiro de Desenvolvimento Florestal, Brasilia, DF (Brasil)
_95727
245 1 _aImplementacao do manejo florestal sustentado em florestas nativas das regioes sul e sudeste com biomassa economicamente viavel de aproveitamento para producao de energia
260 3 _aBrasilia, DF (Brasil):
_c1985.
300 _a19 p.
650 _aCarvao Vegetal
650 _aRecurso Energetico
909 _a202309
_bLucia
_c55
_dLucia Elande
942 _cBK
999 _c47356
_d47356